000 00352nam a2200133Ia 4500
008 150202s9999 xx 000 0 und d
020 _a505128554
050 _aFIC
_bFIC
100 _aRoberts, Nora.
245 _aHeart of the sea /
_cNora Roberts.
260 _aNew York :
_bJove Books,
_c2000.
300 _a369 pages :
_c18 cm.
650 _aFiction.
999 _c282358
_d282358